Statistics for Pokemon Quiz by Pronunciation

Click here to take the quiz!

General Stats

  • This quiz has been taken 263 times
  • The average score is 22 of 26

Answer Stats

HintAnswer% Correct
bul-buh-soreBulbasaur
98%
char-meal-ee-ehnCharmeleon
98%
ah-zu-mare-rillAzumarill
94%
jig-lee-puffJigglypuff
93%
eye-vee-soreIvysaur
92%
on-icksOnix
92%
jee-oh-doodGeodude
91%
horse-eeHorsea
91%
nee-door-annNidoran
90%
peek-uh-chewPikachu
90%
cawf-ingKoffing
89%
feer-ohFearow
88%
maj-i-karpMagikarp
88%
ehm-bohrEmboar
86%
loo-car-ee-ohLucario
85%
kwil-la-vaQuilava
84%
ruh-ta-tahRattata
82%
toe-toe-dyleTotodile
79%
skwir-tuhlSquirtle
78%
duk-litDucklett
76%
un-knownUnown
74%
vee-nuh-soreVenusaur
73%
wee-dullWeedle
72%
zah-too (starts with X)Xatu
72%
yah-maskYamask
69%
zoo-batZubat
69%

Score Distribution

Percentile by Number Answered

Percent of People with Each Score

Your Score History

You have not taken this quiz